000 01836cam a2200385 a 4500
999 _c27002
_d27002
001 12702925
003 OSt
005 20170207102844.0
008 020313s2001 ctua bc 001 0 eng
010 _a 2002278895
015 _aGBA1-W4643
020 _a0300092229
035 _a(OCoLC)ocm47677871
040 _aUKM
_cUKM
_dOCLCQ
_dTXH
_dIXA
_dDLC
042 _alccopycat
043 _ae-uk---
_an-us---
050 0 0 _aND464
_b.W35 2001
082 0 0 _a759.2/074/73
_221
100 1 _aWarner, Malcolm,
_d1953-
245 1 0 _aGreat British paintings from American collections :
_bHolbein to Hockney /
_cMalcolm Warner and Robyn Asleson ; with contributions by Julia Marciari Alexander, Brian Allen, Patrick McCaughey.
260 _a[New Haven] :
_bYale University Press,
_cc2001.
300 _aix, 262 p. :
_bill. (some col.) ;
_c27 cm.
500 _aPublished on occasion of the exhibition held at Yale Center for British Art, New Haven, Conn., Sept. 27-Dec. 30, 2001 and Huntington Library, Art Collections, and Botanical Gardens, San Marino, Calif., Feb. 3-May 5, 2002.
504 _aIncludes bibliographical references and index.
650 0 _aPainting, British
_vExhibitions.
650 0 _aPainting
_xCollectors and collecting
_zUnited States
_vExhibitions.
700 1 _aAsleson, Robyn,
_d1961-
700 1 _aAlexander, Julia Marciari,
_d1967-
700 1 _aAllen, Brian,
_d1952-
700 1 _aMcCaughey, Patrick.
710 2 _aYale Center for British Art.
710 2 _aHenry E. Huntington Library and Art Gallery.
906 _a7
_bcbc
_ccopycat
_d2
_encip
_f20
_gy-gencatlg
942 _2lcc
_cBOOKS
_hND 464 .W35 2001